000 00527nam a22001697a 4500
005 20250325130706.0
008 250325b |||||||| |||| 00| 0 eng d
020 _a9781483319759
041 _aEng.
082 _a519.535 LIU
100 _aLiu, Xing
245 _aApplied Ordinal Logistic Regression Using Stata
260 _aNew Dehli
_bSage Publication
_c2016
300 _a523;. P. 23 cm
650 _aStata; Logistic Regression Analysis-Data Processing; Regression Analysis-Data Processing; Mathematics
942 _cBK
999 _c43387
_d43387